00443nam a2200157Ia 45000010006000000050017000060080041000230410008000640820015000721000031000872450114001182600009002323000028002416500008002696540008002771160320260306162840.0260306t2021||||xx |||||||||||||| ||spa|| aESP a985.4bR68 aRivera Oliva, Eliana,eAUT 0aUna joya del altiplano peruano :bproceso de restauración de la catedral San Francisco de Asís de Ayaviri c2021 a295 páginas :c22 cm. aGEN aCHU